The millionaire real estate agent : It's not about the money

The Millionaire Real Estate Agent is the step-by-step handbook for seeking excellence in your profession and in your life.

Enregistré dans:
Détails bibliographiques
Auteur principal: Keller, Gary
Format: Livre
Langue:Undetermined
Publié: New York McGraw Hill 2004
Sujets:
Tags: Ajouter un tag
Pas de tags, Soyez le premier à ajouter un tag!
Thư viện lưu trữ: Trung tâm Học liệu Trường Đại học Cần Thơ
LEADER 00805nam a2200229Ia 4500
001 CTU_188880
008 210402s9999 xx 000 0 und d
020 |c 507000 
082 |a 333.33068 
082 |b K29 
100 |a Keller, Gary 
245 4 |a The millionaire real estate agent : 
245 0 |b It's not about the money 
245 0 |c Gary Keller, Dave Jenks, Jay Papasan 
260 |a New York 
260 |b McGraw Hill 
260 |c 2004 
520 |a The Millionaire Real Estate Agent is the step-by-step handbook for seeking excellence in your profession and in your life. 
650 |a Real estate agents,Kinh doanh bất động sản 
650 |x Finance, Personal,Tài chính cá nhân 
904 |i Anh Đào,Hải 
980 |a Trung tâm Học liệu Trường Đại học Cần Thơ